000 00465nam a2200169Ia 4500
008 240729s9999 xx 000 0 und d
022 _a2963-1483
245 0 _aJournal of Coaching and Sports Science
260 _aIndonesia
260 _bFoundAE
650 _a Recreation. Leisure
650 _a Sports
650 _aGeography. Anthropology. Recreation
856 _uhttps://doaj.org/toc/0e88c28aca94488594c01829acc5ef11
942 _2ddc
942 _cDOAJEJ
999 _c74670
_d74670
945 _a1
_bMadushi Gamage
_c1
_dMadushi Gamage